|
|
|
|
| LEADER |
01297nam a2200253 u 4500 |
| 001 |
10115495 |
| 003 |
upatras |
| 005 |
20231031093453.0 |
| 008 |
150318s1990 gr gre |
| 040 |
|
|
|a GR-PaULI
|b gre
|c GR-PaULI
|e AACR2
|
| 041 |
0 |
|
|a gre
|
| 082 |
0 |
4 |
|2 22
|a 615.882
|
| 100 |
1 |
|
|a Βεϊκάνγκ, Φου,
|d 1930-
|e συγγραφέας
|9 143136
|
| 245 |
1 |
0 |
|a Σύντομη ιστορία της κινέζικης ιατρικής και φαρμακολογίας /
|c Φου Βεϊκάνγκ ; μετάφραση από τα γαλλικά Βασίλη Ροδόπουλου.
|
| 260 |
|
|
|a Αθήνα :
|b Εκδόσεις "Σύνδεσμος Φιλίας Ελλάδας - Λαϊκής Κίνας",
|c 1990.
|
| 300 |
|
|
|a 123 σ. ;
|c 21 εκ.
|
| 650 |
|
4 |
|a Ιατρική, Κινεζική
|9 143137
|
| 650 |
|
4 |
|a Φαρμακολογία
|x Ιατρική
|9 31678
|
| 700 |
1 |
|
|9 111289
|a Ροδόπουλος, Βασίλης,
|d 1919-2007
|e μεταφραστής
|
| 852 |
|
|
|a GR-PaULI
|b ΠΑΤΡΑ
|b ΠΤΔΕ
|b ΓΕΡ
|k ΑΣΧΕ
|h 615.882 BEI
|m 10448
|p 025000141144
|t 1
|
| 942 |
|
|
|2 ddc
|c BK15
|
| 952 |
|
|
|0 0
|1 0
|4 0
|6 615_882000000000000_BEI
|7 0
|9 175917
|a PTDE
|b PTDE
|d 2016-04-24
|i 10448
|l 0
|o 615.882 BEI
|p 025000141144
|r 2016-04-24 00:00:00
|t 1
|w 2016-04-24
|y BK15
|
| 998 |
|
|
|c ΤΣΕΝΕ
|d 2015-03
|
| 999 |
|
|
|c 109417
|d 109417
|